Fundamentals of graphics communication / (Record no. 18540)

MARC details
000 -LEADER
fixed length control field 01277cam a22003254a 4500
005 - DATE AND TIME OF LATEST TRANSACTION
control field 20230526155252.0
008 - FIXED-LENGTH DATA ELEMENTS--GENERAL INFORMATION
fixed length control field 050630s2007 nyua b 001 0 eng
010 ## - LIBRARY OF CONGRESS CONTROL NUMBER
LC control number 2005018764
020 ## - INTERNATIONAL STANDARD BOOK NUMBER
ISBN 0073136069 (pbk. : alk. paper)
020 ## - INTERNATIONAL STANDARD BOOK NUMBER
Canceled/invalid ISBN 0072864583
020 ## - INTERNATIONAL STANDARD BOOK NUMBER
ISBN 9780073136066
035 ## - SYSTEM CONTROL NUMBER
System control number (OCoLC)ocm60643770
040 ## - CATALOGING SOURCE
Original cataloging agency DLC
Transcribing agency DLC
Modifying agency IPL
-- BAKER
-- C#P
-- DLC
042 ## - AUTHENTICATION CODE
Authentication code pcc
050 00 - LIBRARY OF CONGRESS CALL NUMBER
Classification number T353
Item number .B4515 2007
082 00 - DEWEY DECIMAL CLASSIFICATION NUMBER
Classification number 604.2
Edition number 22
Item number BER-F
100 1# - MAIN ENTRY--AUTHOR
Author Name Bertoline, Gary R.
245 10 - TITLE STATEMENT
Title Fundamentals of graphics communication /
Statement of responsibility, etc. Gary R. Bertoline, Eric N. Wiebe.
250 ## - EDITION STATEMENT
Edition statement 5th ed.
260 ## - PUBLICATION, DISTRIBUTION, ETC.
Place of Publication New York, NY :
Name of publisher, distributor, etc. McGraw-Hill Higher Education,
Date of publication, distribution, etc. c2007.
300 ## - PHYSICAL DESCRIPTION
Pages 1 v. (various pagings) :
504 ## - BIBLIOGRAPHY, ETC. NOTE
Bibliography, etc. note Includes bibliographical references and index.
650 #0 - SUBJECT ADDED ENTRY--TOPICAL TERM
Subject / Department Engineering graphics
Form subdivision Textbooks.
700 1# - ADDED ENTRY--PERSONAL NAME
Personal name Wiebe, Eric N.
300 ## - PHYSICAL DESCRIPTION
-- ill. (some col.) ;
-- 26 cm.
856 41 -
-- Table of contents
-- http://www.loc.gov/catdir/toc/ecip0515/2005018764.html
856 42 -
-- Publisher description
-- http://www.loc.gov/catdir/enhancements/fy0702/2005018764-d.html
906 ## - LOCAL DATA ELEMENT F, LDF (RLIN)
a 7
b cbc
c orignew
d 1
e ecip
f 20
g y-gencatlg

No items available.

Powered by Koha